00447nam a2200133Ia 4500082001200000100001900012245010100031260003000132300002000162650003100182650003900213650004500252710001600297 aTH.0038 aHara Gopal, G. 0aAdministrative leadership in Panchayati Raj: a case study of panchayat samithi in Andhra Pradesh c1977bKakatiya University a329p.+ C D - 36 aPANCHAYAT - ANDHRA PRADESH aLEADERSHIP, RURAL - ANDHRA PRADESH aANDHRA PRADESH - OFFICIALS AND EMPLOYEES aJames, P.A.